| 000 | 00985nam a2200241 a 4500 | ||
|---|---|---|---|
| 001 | 83547 | ||
| 003 | BD-RjUL | ||
| 005 | 20240421114947.0 | ||
| 008 | 240421s1995 bg a|||| m||| 00| 0 eng d | ||
| 035 | _a(BD-RjUL)83547 | ||
| 040 |
_aBD-RjUL _beng _cBD-RjUL _dBD-RjUL |
||
| 041 | _aeng | ||
| 082 |
_223 _a541.2242 _bPAC 1995 |
||
| 100 |
_aPal, Suvash Chandra _912639 |
||
| 245 | 1 | 0 |
_aCoordination Chemistry of Cr (111), U (IV), Zr (Iv) and Th (IV) Ions Containing Multidentate Ligands : _bSyntetic, Reactivity and Kinetic Aspects / _cSuvash Chandra Pal ; _6Supervisor : M. T. H. Tarafder |
| 260 |
_aRajshahi : _bDepartment of Chemistry, University of Rajshahi, _c1995 |
||
| 300 |
_axxix, 323 Leaves : _bill, ; _c29 cm. |
||
| 502 | _aThesis (Ph. D.) -- Department of Chemistry, University of Rajshahi, 1995 | ||
| 504 | _aReferences : Leaves [305]-323 | ||
| 650 |
_aPhysical Chemistry _vCoordination Chemistry _912616 |
||
| 700 |
_aTarafder, M. T. H. Supervisor _95488 |
||
| 942 |
_2ddc _cTHE |
||
| 999 |
_c83547 _d83547 |
||